Delivering the planning system in England (Record no. 78204)

MARC details
000 -LEADER
fixed length control field 00827cab a2200205 4500
001 - CONTROL NUMBER
control field L136239
008 - FIXED-LENGTH DATA ELEMENTS--GENERAL INFORMATION
fixed length control field 070119n2006 000 0 eng u
035 ## - SYSTEM CONTROL NUMBER
System control number (Sirsi) u136239
041 0# - LANGUAGE CODE
Language code of text/sound track or separate title eng
100 1# - MAIN ENTRY--PERSONAL NAME
Personal name Durning, Bridget
245 00 - TITLE STATEMENT
Title Delivering the planning system in England
Remainder of title Skills' capacity constraints
260 ## - PUBLICATION, DISTRIBUTION, ETC.
Date of publication, distribution, etc. 2006
490 ## - SERIES STATEMENT
Series statement Town Planning Review
Volume/sequential designation 77 (4) 2006, 457-484(28)
520 ## - SUMMARY, ETC.
Summary, etc. Considers whether there is the capacity in terms of skills within local planning authorities in England for them to deliver the outcomes required by changes in the planning system including new government initiatives, reviews and recently enacted EU legislation. Tables and graphs.
590 ## - LOCAL NOTE (RLIN)
Local note KA
651 #4 - SUBJECT ADDED ENTRY--GEOGRAPHIC NAME
Geographic name England
Chronological subdivision 886-
690 ## - LOCAL SUBJECT ADDED ENTRY--TOPICAL TERM (OCLC, RLIN)
Topical term or geographic name as entry element Planning and development
9 (RLIN) 6259
700 1# - ADDED ENTRY--PERSONAL NAME
Personal name Glasson, John
942 ## - ADDED ENTRY ELEMENTS (KOHA)
Suppress in OPAC 0
Holdings
Withdrawn status Lost status Source of classification or shelving scheme Damaged status Not for loan Home library Current library Shelving location Date acquired Total Checkouts Full call number Barcode Date last seen Copy number Price effective from Koha item type
    Dewey Decimal Classification     London London Journal article 19/01/2007   L136239 136239-1001 06/08/2019 1 06/08/2019 Journal article